Quiz sulla storia del Brunei - Statistics

Statistiche generali
  • Questo quiz è stato fatto 10 volte
  • Il punteggio medio è 11 su 13
Statistiche sulle risposte
DOMANDA RISPOSTA % Corretto
Numero di patrimoni Unesco del paese 0
100%
Il secondo gruppo etnico più presente nel paese proviene da questa nazione asiatica Cina
100%
Nel 1941 venne invaso da questa nazione durante la WW2 Giappone
90%
Nello stesso secolo vi fu una conversione verso questa religione Islam/Musulmana
90%
Leggi sopra Portogallo
90%
Nel XVI secolo iniziarono gli scambi con gli europei, soprattutto con queste due... Regno Unito
90%
Pessimi furono i rapporti con quest'altra nazione europea che colonizzò le Filippine Spagna
90%
Nel XVII, come oggi, cambiò la forma di governo diventando una monarchia... Assoluta
80%
Si narra che il primo insediamento rilevante fu costituito dal Reame di Vijayapura, proveniente da questa nazione asiatica non molto vicina India
80%
Negli anni '60 il Sultanato rifiutò di far parte di questo neonato stato/federazione Malesia
80%
Nel XIV la regione cadde sotto il dominio di un impero proveniente dalla più popolosa isola indonesiana Giava
70%
Corrente religiosa maggiormente praticata Sunnismo/Sunnita
70%
Lingua ufficiale Malese
60%
Nessun quiz corrispondente trovato
Distribuzione punteggi
Percentuale di utenti per punteggio
Percentile per numero di risposta
I tuoi punteggi nel tempo
Non hai fatto questo quiz